PVZ Plant quiz - Statistics

General Stats
  • This quiz has been taken 77 times
  • The average score is 34 of 40
Answer Stats
Hint for Plants Plants % Correct
Main plant Sunflower
100%
Exploding cherry Cherry Bomb
99%
Main shooting plant Peashooter
99%
Defense mine Potato Mine
97%
Zombies eat him Wallnut
97%
Eats zombies Chomper
93%
Fires two peas Repeater
93%
Small range mushroom Puff-shroom
91%
Polo vaults zombies can't jump over him Tall-nut
91%
Give you sun at night Sun-shroom
90%
Hypnotizes zombies Hypno-shroom
88%
Fires in three lanes Threepeater
88%
Turn normal peas in to flames Torchwood
88%
Takes out graves Grave Buster
87%
You need put this on the water Lily Pad
87%
Get scared when zombies come close to him Scaredy-shroom
87%
Mushroom that's in the sea Sea-shroom
85%
Can shoot a ballon zombies Cactus
84%
Builds a crater where you can't plant on Doom-shroom
84%
Wakes up mushrooms at day Coffee Bean
82%
Moves zomies to another lane Garlic
82%
Destroys a lane with flames Jalapeno
82%
Takes away pogos Magnet-shroom
82%
Throws watermelon at a high damage Melon-Pult
82%
Blows the fog Blover
81%
Can shoot on the roof Cabbage-pult
81%
Can shoot through screen door zombies Fume-shroom
81%
Freezes every zombies in area Ice-shroom
81%
Damages zombies but they can't eat him Spikeweed
81%
Steps on zombies Squash
81%
Shoots like 2D star Starfruit
81%
Fires butter Kernel-Pult
79%
Makes light through fog Plantern
78%
Protection for plants Pumpkin
78%
Freezes zombies Snow Pea
78%
Gives you coins Marigold
74%
Can shoot in two directions Split Pea
74%
Take zombies underwater Tangle Kelp
74%
Stops bungee zombies Umbrella Leaf
60%
You plant plants Flower Pot
59%
No matching quizzes found
Score Distribution
Percent of People with Each Score
Percentile by Number Answered
Your Score History
You have not taken this quiz